Le Français : roman /

De l'ennui normand au chaos syrien, la métamorphose d'un inoffensif garçon de campagne en petit soldat du terrorisme. Un voyage au cœur des ténèbres.

Saved in:
நூற்பட்டியல் விவரங்கள்
தலைமை எழுத்தாளர்: Suaudeau, Julien, (Author)
வடிவம்: புத்தகம்
மொழி:French
வெளியீடப்பட்டது: Paris : Robert Laffont, [2015]
பதிப்பு:Éditions Robert Laffont.
பகுதிகள்:
குறியீடுகள்: குறிச்சொல் இணை
குறியீடுகள் இல்லை, இந்த குறிச்சொல்லை முதலில் பதிவு செய்யுங்கள்!
LEADER 01099cam a2200337Ii 4500
001 014496551-8
005 20151214144626.0
008 150917s2015 fr g 000 1 fre d
020 |a 9782221187708  |q paperback 
020 |a 2221187709  |q paperback 
035 0 |a ocn922306115 
040 |a AUXAM  |b eng  |e rda  |c AUXAM  |d CIT  |d OCLCO 
043 |a a-sy---  |a e-fr--- 
050 1 4 |a PQ2719  |b .S83 2015 
100 1 |a Suaudeau, Julien,  |e author. 
245 1 3 |a Le Français :  |b roman /  |c Julien Suaudeau. 
250 |a Éditions Robert Laffont. 
264 1 |a Paris :  |b Robert Laffont,  |c [2015] 
264 4 |c ©2015 
300 |a 210 pages ;  |c 22 cm. 
336 |a text  |b txt  |2 rdacontent 
337 |a unmediated  |b n  |2 rdamedia 
338 |a volume  |b nc  |2 rdacarrier 
520 |a De l'ennui normand au chaos syrien, la métamorphose d'un inoffensif garçon de campagne en petit soldat du terrorisme. Un voyage au cœur des ténèbres. 
650 0 |a Terrorism  |v Fiction. 
650 0 |a Child soldiers  |v Fiction. 
655 7 |a Fiction.  |2 fast 
899 |a 415_565204 
988 |a 20150930 
049 |a HLSS 
906 |0 OCLC